header

Christianity and the mass media in America (Record no. 143304)

MARC details
000 -LEADER
fixed length control field 01412nam a2200337Ia 4500
100 1# - MAIN ENTRY--AUTHOR NAME
Personal name Schultze, Quentin J.
245 10 - TITLE STATEMENT
Title Christianity and the mass media in America
260 ## - PUBLICATION, DISTRIBUTION, ETC. (IMPRINT)
Place of publication East Lansing, MI :
Name of publisher Michigan State University Press,
Year of publication c2003.
300 ## - PHYSICAL DESCRIPTION
Number of Pages viii, 440 p.
490 1# - SERIES STATEMENT
Series statement Rhetoric and public affairs series
650 #0 - SUBJECT ADDED ENTRY--TOPICAL TERM
Topical Term Mass media in religion
Topical Term Mass media
856 40 - ELECTRONIC LOCATION AND ACCESS
Uniform Resource Identifier http://site.ebrary.com/lib/rucke/Doc?id=10523751

No items available.

© 2026 Rongo University
Contact us: librarian | system librarian | Rongo university